A comprehensive greek mythology quiz - Statistics

General Stats
  • This quiz has been taken 1,368 times
    214 since last reset
  • The average score is 98 of 193
Answer Stats
Hint Answer % Correct
King of the Gods Zeus
100%
Queen of the Gods Hera
99%
God of the Sea Poseidon
99%
King of the Underworld | Realm of the dead Hades
97%
Goddess of wisdom Athena
96%
God of music and light, brother of the above Apollo
95%
Goddess of the hunt, sister of the below Artemis
95%
Wife of the above, Goddess of spring Persephone
94%
Goddess of Love and Beauty Aphrodite
93%
God of war Ares
93%
Goddess of the harvest, mother of the above Demeter
91%
Messenger God with winged sandals Hermes
91%
Primordial goddess of the earth Gaia
89%
God of time, father of the current king of the gods, consumed his own children Kronos
89%
God of wine, partying and theatre Dionysus
88%
God of nature, has goat horns and hooves Pan
86%
Goddess of discord Eris
85%
Creatures that are half horse, half human centaurs
84%
Goddess of the night Nyx
84%
Creatures that lured sailors in with their irresistible calls sirens
83%
God of Love and Desire Eros
82%
Goddess of the hearth Hestia
82%
Member of the above race who was turned into one as a punishment and later beheaded Medusa
82%
Creature with the body of a man head of a bull born to a queen as a sacrifice Minotaur
82%
Goddess of victory Nike
82%
Race of one-eyed giant humanoids cyclops
81%
God of the forge and volcanoes, briefly married to the above Hephaestus
81%
Punished to bear the weight of the world on his shoulders Atlas
80%
Three headed guardian of the underworld Cerberus
80%
King who's touch turned everything to gold Midas
80%
Vain mortal cursed by a nymph he spurned to fall in love with his own reflection Narcissus
80%
Mountain where the gods reside Olympus
80%
Divine winged horse Pegasus
80%
River between the mortal realm and the underworld Styx
80%
Multi-headed monster. When one head is cut off, two more grow in its' place Hydra
78%
Hero that slayed a gorgon, a sea monster, and the evil king of Argos Perseus
78%
Walled city declared war upon for kidnapping a greek queen Troy
78%
Nicknamed 'city of wisdom' Athens
77%
Wife of the above, face that launched a thousand ships Helen
77%
Demigod who performed twelve labours Heracles
77%
Son of the above who flew too close to the sun Icarus
77%
Nine goddesses of the arts The muses
77%
Hero of the greeks Achilles
76%
He who sought the golden fleece Jason
76%
Creatures that could turn those who looked upon them to stone gorgons
75%
Name for Minor nature deities Nymphs
74%
Brought to life from clay, opened a box that contained all the world's problems Pandora
74%
Created mortals and brought them fire, punished to have his liver endlessly plucked out by vultures Prometheus
74%
Group of warrior women Amazons
73%
Ship the seeker of the golden fleece sailed in Argo
73%
God of the sun Helios
73%
Enchantress who turned men to swine Circe
72%
Island famous for it's labyrinth Crete
72%
Wife of the above Rhea
72%
Weapon carried by the god of the sea trident
72%
Void that existed before creation Chaos
71%
Hunter with a belt that is seen in the stars Orion
71%
God of sleep Hypnos
69%
The clever king himself who advised the warriors and created the wooden horse, returning home got him an epic of his own Odysseus
69%
Primordial god of the sky Ouranos
69%
Prince of troy responsible for the kidnapping Paris
69%
Creatures that are half human, half goat satyrs
69%
Hybrid creature that tells riddles and eats those who cannot answer sphinx
69%
Darkest pit of the underworld and realm of the damned Tartarus
69%
Prince that slew the monster of the labyrinth Theseus
69%
Term for this generation of gods Titans
69%
What those who sailed on the above were called Argonauts
68%
Sentenced to push a boulder up a hill only for it to roll down again for eternity Sisyphus
68%
Goddess of the moon Selene
67%
God of death Thanatos
67%
Where the oracle could be found Delphi
66%
Cursed to kill his father and marry his mother Oedipus
66%
Rival of above city Sparta
66%
Son of the god of the sea commonly depicted with a conch Triton
66%
Prince and hero of troy Hector
64%
Goddess of revenge, punisher of oathbreakers Nemesis
64%
King of Mycenae and leader of the greeks during the trojan war Agamemnon
63%
Wisest of the above race, practicer of medicine Chiron
62%
Paradise of the underworld and realm of dead heroes Elysian fields
61%
Body of a lion, head and wings of an eagle Griffin
61%
King that imprisoned his wife's monstrous offspring in alabyrinth Minos
61%
God of fear Phobos
60%
One monster in the strait of Messina Scylla
60%
Half woman half bird all screech harpies
58%
Goddess of witchcraft Hecate
58%
Mortal who could charm even the stones with his music Orpheus
58%
Wife of the above Penelope
58%
Three goddesses of vengeance The Erinyes
58%
Ferryman of souls Charon
57%
Head of a lion, body of a goat, tail of a snake. Used to refer to any hybrid creature Chimera
57%
Three goddesses that control the events of time The fates
57%
Twins who together make up the constellation gemini Castor
55%
Goddess of the soul Psyche
55%
Pollux
54%
Original name of said goddess Kore
53%
Man that created said labyrinth Daedalus
52%
The other monster in the strait of Messina Charybdis
51%
Love of the above Eurydice
51%
Kingdom of the clever king Ithaca
51%
Sorceress who helped and married the above Medea
51%
Kept the clever king of Ithaca on an island for 7 years Calypso
50%
Princess of troy cursed gifted future sight but cursed to never be believed Cassandra
50%
Pheonician princess carried off by Zeus in the shape of a bull Europa
50%
Goddess of the dawn Eos
48%
King of troy Priam
48%
Very handsome mortal hunter, lover of the goddess of love Adonis
47%
Princess that helped the above by showing him the way, only to be spurned Ariadne
47%
Horn of plenty Cornucopia
47%
Mother of the above Leto
47%
Love of the above Patroclus
46%
Wife of the above almost killed by a sea monster because her mother had claimed her to be more beautiful than the sea nymphs Andromeda
45%
Goddess of youth Hebe
45%
Personification of the ocean, the river that encircles the earth Oceanus
45%
Snake killed by a deity to which the oracle is dedicated Python
45%
God of Medicine, demigod son of the god of music and light Asclepius
42%
Fell in love with a self-obsessed mortal Echo
42%
Member of the above race, son of the sea god, blinded by the clever king Polyphemus
40%
God of dreams Morpheus
39%
King of Sparta prior to trojan war Menelaus
37%
Wife of the above, Queen of the sea Amphitrite
36%
Turned into a tree when fleeing from Apollo Daphne
36%
God of terror Deimos
36%
Fruit that the goddess of discord used Golden apple
36%
Where most souls end up Asphodel
35%
Mortal who rode the gods' winged horse and was struck down Bellerophon
35%
Deities of trees and forests Dryads
35%
Son of the clever king who schemed to get the suitors out of his father's house before he returned Telemachus
35%
King of Pylos who owned a cup only he could lift Nestor
34%
Mother of the hero of the greeks Thetis
34%
Predator who's golden fur could not be pierced with any weapon Nemean lion
32%
Water deities that were the daughters of Nereus Nereids
32%
Trojan hero and son of aphrodite almost killed by the above Aeneas
31%
Stronger than all of greece Ajax
31%
Deities of freshwater springs, rivers, and lakes Naiads
31%
Father of monsters, titan that rose against Zeus Typhon
28%
Wife and killer of the above Clytemnestra
27%
Old man of the Sea, shapeshifting God Nereus
27%
Muse of epic poetry Calliope
26%
Daughter of the king of Mycenae who avenges him Electra
26%
Queen of the above Hippolyta
26%
Goddess of memory, mother of the muses Mnemosyne
26%
Muse of comedy Thalia
26%
Goddess of justice Themis
25%
Muse of history Clio
24%
Wife and mother of the above Jocasta
24%
The creation in question Galatea
23%
Prince of troy carried off by an eagle to be cupbearer to the gods Ganymede
23%
King and sculptor who fell in love with his own creation Pygmalion
23%
Unceasing fury Alecto
20%
King of Argos, fighter in the trojan war and founder of cities Diomedes
20%
Daughter of king of Mycenae killed to appease the gods and let the winds carry ships to war Iphigenia
20%
Livestock and fertility deity similar to the above Priapus
20%
Princess who was destroyed by forcing the king of the gods to show her his true form, except for her unborn child Semele
20%
Sister of the above who buried her brother and died for it Antigone
19%
The maiden fate, the spinner Clotho
19%
Father of the below who married a nymph Peleus
19%
Weapon carried by the god of the underworld bident
18%
Muse of lyrical poetry Erato
18%
Son of the king of Mycenae who avenges him Orestes
18%
Mother of the above Cassiopeia
17%
Muse of astronomy Urania
17%
The crone fate, the inevitable Atropos
16%
Brother of the above, founder of Thebes, who was sent out to find her Cadmus
16%
God of old age Geras
16%
Muse of tragedy Melpomene
16%
Muse of dance Terpsichore
16%
Muse of song Euterpe
15%
Grudging fury Megaera
15%
Muse of hymns Polyhymnia
15%
Avenging fury Tisiphone
15%
Staff carried by the messenger god that represents medicine Caduceus
14%
Uncle of the above and King of Thebes Creon
14%
Father of the clever king Laertes
14%
God of doom Moros
14%
Mother of the below Danae
13%
Sea deities of salt water Oceanids
13%
Sister of the above who left and got married Ismene
12%
The mother fate, the alotter Lachesis
12%
Goddess of the blessed dead Makaria
12%
God of blame Momus
12%
Goddess of pain Oizys
12%
Chthonic god of hunting and pitfalls Zagreus
12%
Tameless boar caught by a demigod in his twelve labours Erymanthian Boar
11%
Brother of the above who did not receive a funeral Polynices
11%
Sons of the above who killed each other in the fight for the throne after their father named them both heir Eteocles
10%
Goddess of the restless dead Melinoe
9%
Deities of the mountains Oreads
9%
Chthonic goddess of friendship, daughter of Nyx Philotes
9%
Daughter of the above who was offered in marriage to the seeker of the golden fleece Glauce
7%
Kingdom of the hero of the greeks Phthia
7%
Lover of the above and usurper of Mycenae Aegisthus
6%
Deities of the trees Meliae
4%
No matching quizzes found
Score Distribution
Percent of People with Each Score
Percentile by Number Answered
Your Score History
You have not taken this quiz since the last reset